[Event "Hamburg-ch Seniors 23rd"]
[Site "Hamburg"]
[Date "2016.11.06"]
[Round "5"]
[White "Schulz, Hans"]
[Black "Funke, Hermann"]
[Result "1-0"]
[WhiteElo "1585"]
[BlackElo "1665"]
[PlyCount "117"]
[EventDate "2016.11.02"]
[EventType "swiss"]
[EventRounds "9"]
[EventCountry "GER"]
[SourceTitle "EXT 2019"]
[Source "ChessBase"]
[SourceDate "2018.10.10"]
[SourceVersion "1"]
[SourceVersionDate "2018.10.10"]
[SourceQuality "1"]

1. c4 c5 2. g3 Nf6 3. Bg2 e6 4. Nc3 d6 5. e4 Nbd7 6. Nge2 Be7 7. 0-0 0-0 8. d3 Rb8 9. b3 b6 10. Bb2 Bb7 11. h3 Re8 12. f4 Bf8 13. g4 h6 14. Ng3 Nh7 15. Qd2 Ndf6 16. Nd1 Re7 17. Ne3 d5 18. cxd5 exd5 19. e5 Ne8 20. Ngf5 Rd7 21. d4 g6 22. Ng3 Ng7 23. f5 g5 24. Qf2 b5 25. f6 Ne6 26. Nef5 c4 27. bxc4 dxc4 28. Bxb7 Rbxb7 29. Ne4 Nf4 30. Qe3 Nd3 31. Rab1 Rbc7 32. Ba1 a6 33. Nf2 Nf4 34. Rbd1 Qa8 35. Qe4 Qxe4 36. Nxe4 Nxh3+ 37. Kg2 Nf4+ 38. Kf3 b4 39. Rh1 c3 40. Nxh6+ Kh8 41. Nxg5 c2 42. Nhxf7+ Rxf7 43. Nxf7+ Rxf7 44. Rc1 Nd5 45. Rxc2 Kg8 46. Ke4 Nhxf6+ 47. exf6 Nxf6+ 48. Kd3 Bg7 49. Rc8+ Rf8 50. Rxf8+ Kxf8 51. Rf1 Ke7 52. g5 Nd5 53. g6 Nf6 54. d5 a5 55. Bxf6+ Bxf6 56. Kc4 Bc3 57. Kb5 Ke8 58. Rg1 Bd4 59. Rg4 1-0

[Event "Pinneberg-ch"]
[Site "Pinneberg"]
[Date "2016.09.15"]
[Round "3"]
[White "Schulz, Hans"]
[Black "Olschok, Juergen"]
[Result "0-1"]
[WhiteElo "1382"]
[BlackElo "1690"]
[PlyCount "68"]
[EventDate "2016.09.01"]
[EventType "swiss"]
[EventRounds "7"]
[EventCountry "GER"]
[SourceTitle "EXT 2018"]
[Source "ChessBase"]
[SourceDate "2017.10.13"]
[SourceVersion "1"]
[SourceVersionDate "2017.10.13"]
[SourceQuality "1"]

1. c4 b6 2. Nc3 Bb7 3. e4 e5 4. g3 Nf6 5. Bg2 Bb4 6. Nge2 Na6 7. a3 Bxc3 8. Nxc3 Nc5 9. d3 a5 10. 0-0 0-0 11. Bg5 Ne6 12. Bxf6 Qxf6 13. Nd5 Bxd5 14. cxd5 Nd4 15. Rc1 c5 16. dxc6 dxc6 17. f4 Rad8 18. fxe5 Qxe5 19. Rf2 c5 20. Bf1 Qg5 21. Rc3 Qe3 22. Be2 Rd6 23. Kf1 Re8 24. Qc1 Qxc1+ 25. Rxc1 Red8 26. b4 cxb4 27. axb4 Nxe2 28. Rc7 Nd4 29. Rfxf7 Rf8 30. e5 Rxf7+ 31. Rxf7 Kxf7 32. exd6 a4 33. Ke1 a3 34. d7 Ke7 0-1

[Event "Hamburg-ch Seniors 21st"]
[Site "Hamburg"]
[Date "2014.10.31"]
[Round "4"]
[White "Schulz, Hans"]
[Black "Wilke, Wolfgang"]
[Result "1/2-1/2"]
[WhiteElo "1362"]
[BlackElo "1567"]
[PlyCount "49"]
[EventDate "2014.10.29"]
[EventType "swiss"]
[EventRounds "9"]
[EventCountry "GER"]
[SourceTitle "EXT 2018"]
[Source "ChessBase"]
[SourceDate "2017.10.13"]
[SourceVersion "1"]
[SourceVersionDate "2017.10.13"]
[SourceQuality "1"]

1. Nf3 d5 2. d4 Nf6 3. g3 e6 4. Bg2 Nbd7 5. 0-0 Be7 6. c4 c6 7. Bf4 0-0 8. Nbd2 Re8 9. Rc1 Nf8 10. Ne5 dxc4 11. Rxc4 Nd5 12. Nd3 Nxf4 13. Nxf4 Bg5 14. Nd3 Ng6 15. Nf3 Bf6 16. e3 Qc7 17. Re1 e5 18. dxe5 Nxe5 19. Nfxe5 Bxe5 20. Nxe5 Rxe5 21. Rd4 Re8 22. Qc2 Be6 23. b3 Rad8 24. Red1 Rxd4 25. Rxd4 1/2-1/2

[Event "Hamburg-ch Seniors 21st"]
[Site "Hamburg"]
[Date "2014.10.30"]
[Round "3"]
[White "Cassens, Erhard Otto"]
[Black "Schulz, Hans"]
[Result "1-0"]
[WhiteElo "1630"]
[BlackElo "1362"]
[PlyCount "89"]
[EventDate "2014.10.29"]
[EventType "swiss"]
[EventRounds "9"]
[EventCountry "GER"]
[SourceTitle "EXT 2018"]
[Source "ChessBase"]
[SourceDate "2017.10.13"]
[SourceVersion "1"]
[SourceVersionDate "2017.10.13"]
[SourceQuality "1"]

1. d4 Nf6 2. e3 g6 3. Bd3 Bg7 4. c3 0-0 5. f4 d6 6. Nf3 Nc6 7. Qc2 e5 8. 0-0 exd4 9. exd4 Ne7 10. Qb3 b6 11. Nbd2 Bf5 12. Ba6 Be6 13. Qd1 c5 14. Re1 Ned5 15. Nf1 Nc7 16. Bd3 c4 17. Bc2 Re8 18. Ne3 b5 19. f5 Bd7 20. fxg6 fxg6 21. b3 Ncd5 22. Bd2 Nxe3 23. Rxe3 Rxe3 24. Bxe3 Nd5 25. Bd2 Qe8 26. Qe1 Qxe1+ 27. Rxe1 Re8 28. Be4 Nf6 29. Bb7 Rxe1+ 30. Bxe1 a5 31. bxc4 bxc4 32. Bg3 Bf8 33. Bh4 Kg7 34. h3 Be6 35. Kf1 Bd5 36. Bxf6+ Kxf6 37. Bxd5 Kf5 38. Bxc4 Ke4 39. Ng5+ Kf5 40. Nf3 h6 41. Be2 g5 42. c4 Bg7 43. d5 Kf6 44. Nh2 h5 45. Bxh5 1-0

[Event "Hamburg-ch Seniors 21st"]
[Site "Hamburg"]
[Date "2014.10.29"]
[Round "1"]
[White "Lange, Karl Heinz"]
[Black "Schulz, Hans"]
[Result "0-1"]
[WhiteElo "1716"]
[BlackElo "1362"]
[PlyCount "62"]
[EventDate "2014.10.29"]
[EventType "swiss"]
[EventRounds "9"]
[EventCountry "GER"]
[SourceTitle "EXT 2018"]
[Source "ChessBase"]
[SourceDate "2017.10.13"]
[SourceVersion "1"]
[SourceVersionDate "2017.10.13"]
[SourceQuality "1"]

1. Nf3 Nf6 2. c4 g6 3. g3 Bg7 4. Bg2 0-0 5. 0-0 d6 6. Nc3 e5 7. d3 Nc6 8. Rb1 a5 9. a3 Nd7 10. Ng5 h6 11. Nf3 f5 12. Qc2 Nf6 13. b4 axb4 14. axb4 Ne7 15. Bb2 c6 16. b5 Bd7 17. Qb3 c5 18. Nd2 Rb8 19. Ra1 Be6 20. Rfd1 d5 21. Na4 dxc4 22. dxc4 Qc7 23. Qe3 Nd7 24. Ba3 e4 25. Bb2 Bxb2 26. Nxb2 g5 27. Qc3 b6 28. Ra6 Ra8 29. Rda1 Rxa6 30. Rxa6 Rb8 31. Qf6 Nxf6 0-1

[Event "Hamburg Seniors-ch 20th"]
[Site "Hamburg"]
[Date "2013.11.05"]
[Round "7"]
[White "Schulz, Hans"]
[Black "Warneke, Perygrin"]
[Result "1-0"]
[WhiteElo "1408"]
[BlackElo "1250"]
[PlyCount "117"]
[EventDate "2013.10.30"]
[EventType "swiss"]
[EventRounds "9"]
[EventCountry "GER"]
[SourceTitle "EXT 2015"]
[Source "ChessBase"]
[SourceDate "2014.11.20"]
[SourceVersion "1"]
[SourceVersionDate "2014.11.20"]
[SourceQuality "1"]

1. b3 Nf6 2. Bb2 e6 3. e3 d5 4. Nf3 a6 5. c4 c6 6. cxd5 cxd5 7. Ne5 Be7 8. Be2 Nbd7 9. Nf3 0-0 10. 0-0 b5 11. Qc2 Bb7 12. Ng5 Rc8 13. Qd3 Re8 14. f4 Nf8 15. Na3 Ne4 16. Nxe4 dxe4 17. Qxd8 Rexd8 18. Rfd1 Bc5 19. Nc2 Bb6 20. Rac1 Ba5 21. b4 Bb6 22. a3 Bd5 23. Nd4 Bxd4 24. Bxd4 Bb7 25. Rc5 Nd7 26. Rc3 Rc6 27. Rxc6 Bxc6 28. Rc1 Rc8 29. g4 Bb7 30. Rxc8+ Bxc8 31. h4 Bb7 32. Kf2 f6 33. Kg3 Kf7 34. g5 fxg5 35. hxg5 h6 36. Kh4 hxg5+ 37. Kxg5 Kg8 38. Bg4 Bd5 39. f5 Nf8 40. f6 gxf6+ 41. Kxf6 Nd7+ 42. Ke7 Nf8 43. Bc5 e5 44. Bf5 Kg7 45. Kd6 Bb7 46. Kxe5 Ng6+ 47. Kd4 Kf6 48. Bxe4 Bxe4 49. Kxe4 Ke6 50. d4 Kd7 51. Kd5 Nh4 52. e4 Nf3 53. e5 Nd2 54. e6+ Kd8 55. Kc6 Nc4 56. d5 Nxa3 57. d6 Nc4 58. e7+ Ke8 59. d7+ 1-0